Создание базы данных в среде Microsoft Access; Научная инициатива иностранных студентов и аспирантов российских вузов; Т. 1

Dades bibliogràfiques
Parent link:Научная инициатива иностранных студентов и аспирантов российских вузов: сборник докладов VI Всероссийской научно-практической конференции, Томск, 24-26 апреля 2013 г./ Ассоциация иностранных студентов в России (АИС); Национальный исследовательский Томский политехнический университет (ТПУ), Институт международного образования и языковой коммуникации (ИМОЯК).— , 2013
Т. 1.— 2013.— [С. 181-185]
Autor principal: Буй Ван Шон
Autor corporatiu: Национальный исследовательский Томский политехнический университет (ТПУ) Институт кибернетики (ИК) Кафедра автоматики и компьютерных систем (АИКС)
Altres autors: Кочегурова Е. А. Елена Алексеевна (научный руководитель)
Sumari:Заглавие с титульного экрана
Idioma:rus
Publicat: 2013
Col·lecció:Техническое направление
Matèries:
Accés en línia:http://www.lib.tpu.ru/fulltext/c/2013/C19/V1/025.pdf
Format: MixedMaterials Electrònic Capítol de llibre
KOHA link:https://koha.lib.tpu.ru/cgi-bin/koha/opac-detail.pl?biblionumber=605466

MARC

LEADER 00000naa2a2200000 4500
001 605466
005 20260302114834.0
035 |a (RuTPU)RU\TPU\conf\2768 
035 |a RU\TPU\conf\2762 
090 |a 605466 
100 |a 20140415d2013 k y0rusy50 ca 
101 0 |a rus 
102 |a RU 
135 |a drnn ---uucaa 
181 0 |a i  
182 0 |a b 
200 1 |a Создание базы данных в среде Microsoft Access  |f Буй Ван Шон  |g науч. рук. Е. А. Кочегурова 
203 |a Текст  |c электронный 
225 1 |a Техническое направление 
300 |a Заглавие с титульного экрана 
320 |a [Библиогр.: с. 185 (5 назв.)] 
337 |a Adobe Reader 
461 1 |0 (RuTPU)RU\TPU\conf\71  |t Научная инициатива иностранных студентов и аспирантов российских вузов  |o сборник докладов VI Всероссийской научно-практической конференции, Томск, 24-26 апреля 2013 г.  |f Ассоциация иностранных студентов в России (АИС); Национальный исследовательский Томский политехнический университет (ТПУ), Институт международного образования и языковой коммуникации (ИМОЯК)  |o в 2 т.  |d 2013 
463 1 |0 (RuTPU)RU\TPU\conf\72  |t Т. 1  |v [С. 181-185]  |d 2013 
610 1 |a труды учёных ТПУ 
610 1 |a электронный ресурс 
610 1 |a базы данных 
610 1 |a создание 
610 1 |a Microsoft Access 
700 0 |a Буй Ван Шон 
702 1 |a Кочегурова  |b Е. А.  |c специалист в области информатики и вычислительной техники  |c доцент Томского политехнического университета, кандидат технических наук  |f 1958-  |g Елена Алексеевна  |4 727 
712 0 2 |a Национальный исследовательский Томский политехнический университет (ТПУ)  |b Институт кибернетики (ИК)  |b Кафедра автоматики и компьютерных систем (АИКС)  |3 (RuTPU)RU\TPU\col\18698 
801 2 |a RU  |b 63413507  |c 20230320  |g RCR 
856 4 |u http://www.lib.tpu.ru/fulltext/c/2013/C19/V1/025.pdf 
942 |c CF